| 000 | 00975cam a2200313 u 4500 | ||
|---|---|---|---|
| 003 | MX-MxUPN | ||
| 005 | 20230914184156.0 | ||
| 008 | 150211s2006 sp a br 000 0 spa d | ||
| 020 | _a9788431609740 | ||
| 035 | _aUPN01000201682 | ||
| 040 |
_aMX-MxUPN _bspa |
||
| 050 | 4 |
_aPQ4873 I43 _bU53 2006 |
|
| 100 | 1 |
_aMilani, Mino _949988 |
|
| 245 | 1 | 0 | _aUn ángel, probablemente |
| 250 | _aPrimera edición | ||
| 260 |
_aBarcelona : _bVicens Vives, _c2006. |
||
| 300 |
_a134 páginas : _bilustraciones a color |
||
| 490 | 0 | _aCucaña | |
| 500 | _aTítulo original: Un angelo, probabilemente. | ||
| 650 | 7 |
_922997 _aNovela juvenil italiana |
|
| 650 | 7 |
_949992 _aGuerra _vLiteratura juvenil |
|
| 700 | 1 |
_949991 _aDe Conno, Gianni _eilustración |
|
| 700 | 1 |
_945878 _aAmo, Elena del, _d1948- _etraducción |
|
| 700 | 1 |
_949989 _aJiménez Reinaldo, Jesús _enotas |
|
| 902 | _bVíctorGodínez/140923 | ||
| 905 | _aLibro | ||
| 942 |
_2lcc _cLIBRO |
||
| 999 |
_c173783 _d173783 |
||